MARC

LEADER 00000nam0a2200000 4500
001 358954
005 20231102011139.0
035 |a (RuTPU)RU\TPU\retro\16226 
090 |a 358954 
100 |a 20200902d1977 km y0rusy50 ca 
101 0 |a rus 
102 |a RU 
105 |a a z 001zb 
200 1 |a Лист  |f Д. Ш. Гаал 
210 |a Москва  |c Молодая гвардия  |d 1977 
215 |a 320 с.  |c ил. 
225 1 |a Жизнь замечательных людей. Серия биографий  |v Вып. 11(572) 
320 |a Библиогр.: с. 317-318 
600 1 |a Лист  |b Ф.  |c венгерский композитор  |f 1811-1886  |g Ференц  |2 stltpush  |3 (RuTPU)RU\TPU\pers\12620  |9 3579 
606 1 |a Композиторы  |2 stltpush  |3 (RuTPU)RU\TPU\subj\15032  |9 41330 
610 1 |a музыка 
610 1 |a музыкальная культура 
610 1 |a музыкальное творчество 
610 1 |a Венгрия 
610 1 |a 19 век 
675 |a 78.071.1  |v 4 
700 1 |a Гаал  |b Д. Ш.  |g Дердь Шандор 
801 1 |a RU  |b 63413507  |c 20200902 
801 2 |a RU  |b 63413507  |c 20210218  |g RCR 
942 |c BK